000
00247nam a2200097Ia 4500
001
1250402
005
20251031150855.0
008
251031s9999 xx 000 0 und d
245
0
_c
YAŞAR KEMAL
_a
E-4 İNCE MEMED-1
260
_b
YAPI KREDİ YAYINLARI
999
_c
1250402
_d
1250402